000 00225nam a2200121Ia 4500
100 _a#N/A
942 _cBK
654 _aMICROPROCESSOR
245 _a8086 microprocessor
260 _b#N/A
546 _aENGLISH
999 _c23769
_d23769